Normale Ansicht MARC-Ansicht ISBD

Das größte Hotel der Doppelstadt (Titelsatznr. 373147)

[ MARC ]
MARC-Details
000 -Satzkennung
Kontrollfeld mit fester Länge 00664nab a2200181 4500
001 - Kontrollnummer
Kontrollfeld 244442
003 - Kontrollnummer Identifier
Kontrollfeld OSt
005 - Datum und Zeit der letzten Transaktion
Kontrollfeld 20240514131021.0
007 - Feld mit fester Länge zur physischen Beschreibung - Allgemeine Information
Kontrollfeld mit fester Länge tu
008 - Feld mit fester Länge zur physischen Beschreibung - Allgemeine Angaben
Kontrollfeld mit fester Länge 200917s2020|||||||
040 ## - Katalogisierungsquelle
Original-Katalogisierungsstelle DE-2950
Übertragungsstelle DE-2950
245 00 - Titel
Titel Das größte Hotel der Doppelstadt
Zusatz zum Titel Reise. Im monumentalen Hotel Cargo an der polnischen Fernstraße 29 in Slubice finden bis zu 190 Gäste Platz. Gebaut wurde es ursprünglich für die Fahrer des staatlichen Verkehrsunternehmens PKS/
Verfasserangabe etc. Marlena Dumin
264 ## - Produktion, Veröffentlichung, Distribution, Herstellung und Urheberrechtsvermerk
Datum der Herstellung, der Veröffentlichung, des Vertriebs oder des Urheberschutzvermerks 2024
653 ## - Indexierungsterm - Nicht normiert
Nicht-normierter Term Slubice
653 ## - Indexierungsterm - Nicht normiert
Nicht-normierter Term Hotel Cargo
773 0# - Übergeordnete Einheit
Verknüpfungsangaben 35. Jahrgang (2024) Nr. 109 vom 11.05.2024, S. 19 mit Foto
Titel Märkische Oderzeitung
942 ## - Zusätzliche Felder (Koha)
Klassifikation oder Aufstellungssystematik Andere/Generische Klassifikation
Koha-Medientyp Aufsätze

Keine Exemplare verfügbar.